000 nam a22 7a 4500
999 _c7461
_d7461
008 170908b xxu||||| |||| 00| 0 eng d
020 _a9788183072588
100 _aAneja P.L
_93986
245 _aPractice book for German grammar
260 _aNew Delhi
_bGoyal Publishers
_c2017